Estadísticas para Prueba de Macedonia del Norte

Haz click aquí para intentar la prueba.

Estadísticas generales

  • Esta prueba ha sido intentada 798 veces
  • La puntuación promedio es 11 de 15

Estadísticas de respuestas

PistaRespuesta% Correcto
Países limítrofesGrecia
97%
Países limítrofesSerbia
97%
Países limítrofesAlbania
95%
Países limítrofesKosovo
95%
Países limítrofesBulgaria
94%
País del que Macedonia del Norte obtuvo su independencia en 1991Yugoslavia
92%
CapitalSkopie
91%
El objeto representado en la banderaSol
82%
Famosa monja, ahora una santa, que nació en la capital en 1910Teresa de Calcuta
73%
El antiguo gobernante macedonio que conquistó la moderna Macedonia del NorteAlejandro / Felipe II
70%
Alfabeto del que se deriva el alfabeto macedonioCirílico
61%
País que recibe el 48% de las exportaciones de Macedonia del NorteAlemania
44%
MonedaDenar
31%
¿Qué es el Vardar?Río
31%
Una de las ciudades más pobladas de Europa en el año 1000 d.C.,
que comparte su nombre con el lago en el que se encuentra
Ohrid
18%

Distribución de puntuación

Porcentaje por número respondido

Porcentaje de gente con cada puntuación

Historial de tus puntuaciones

No has intentado esta prueba.